Statistics for Divided US City Name Puzzle

Click here to take the quiz!

General Stats

  • This quiz has been taken 2,045 times
  • The average score is 18 of 20

Answer Stats

US City Name% Correct
PHILADELPHIAPhiladelphia
99%
SANFRANCISCOSan Francisco
99%
LOSANGELESLos Angeles
97%
WASHINGTONWashington
97%
BALTIMOREBaltimore
95%
NEWORLEANSNew Orleans
95%
INDIANAPOLISIndianapolis
94%
JACKSONVILLEJacksonville
94%
LASVEGASLas Vegas
94%
NEWYORKNew York
93%
PHOENIXPhoenix
92%
CHICAGOChicago
91%
ORLANDOOrlando
88%
SANDIEGOSan Diego
88%
SEATTLESeattle
88%
SANANTONIOSan Antonio
85%
HONOLULUHonolulu
81%
HOUSTONHouston
74%
ANCHORAGEAnchorage
72%
BATONROUGEBaton Rouge
71%

Score Distribution

Percentile by Number Answered

Percent of People with Each Score

Your Score History

You have not taken this quiz